书目信息 |
| 题名: |
数学全程预测100题:理工类
|
|
| 作者: | 李永乐 著 | |
| 分册: | ||
| 出版信息: | 北京 新华出版社 2007.8 |
|
| 页数: | 211页 | |
| 开本: | 24cm | |
| 丛书名: | ||
| 单 册: | ||
| 中图分类: | O13 | |
| 科图分类: | ||
| 主题词: | 高等数学 | |
| 电子资源: | ||
| ISBN: | 978-7-5011-8060-8 | |
| 000 | 00665 nam 000229 | |
| 001 | 0100005865 | |
| 005 | 20100609164831.25 | |
| 010 | @a978-7-5011-8060-8@dCNY20.00 | |
| 100 | @a20090703d2003 em y0chiy0121 ea | |
| 101 | @achi | |
| 102 | @aCN@b110000 | |
| 105 | @ay z 000yy | |
| 200 | 10 | @a数学全程预测100题:理工类@9shu xue quan cheng yu ce 100 ti li gong lei@f李永乐著@Fli yong le zhu |
| 210 | @a北京@c新华出版社@d2007.8 | |
| 215 | @a211页@d24cm | |
| 540 | @a数学全程预测100题:理工类 | |
| 606 | @a高等数学 | |
| 690 | @aO13@v4 | |
| 701 | 0 | @a李永乐@9li yong le@4著 |
| 801 | @aCN@bCQULIB@c20100609 | |
| 901 | @a222222 | |
| 905 | @b905843-47@dO13@eL3208@f5 | |
| 数学全程预测100题:理工类/李永乐著.-北京:新华出版社,2007.8 |
| 211页;24cm |
| ISBN 978-7-5011-8060-8:CNY20.00 |
| ● |
| 相关链接 |
|
|
|
正题名:数学全程预测100题:理工类
索取号:O13/L3208
 
预约/预借
| 序号 | 登录号 | 条形码 | 馆藏地/架位号 | 状态 | 备注 |
| 1 | 470212 | 204702125 | 自科库401/401自科库 106排6列5层/ [索取号:O13/L3208] | 在馆 | |
| 2 | 905843 | 209058437 | 自科库401/ [索取号:O13/L3208] | 在馆 | |
| 3 | 905845 | 209058455 | 自科库401/401自科库 106排6列5层/ [索取号:O13/L3208] | 在馆 | |
| 4 | 905846 | 209058464 | 自科库401/401自科库 106排6列5层/ [索取号:O13/L3208] | 在馆 | |
| 5 | 905847 | 209058473 | 自科库401/ [索取号:O13/L3208] | 在馆 |